000 00339nam a22001337a 4500
082 _a624.1834
_bEVA
_c3286
100 _aEvans, R.H.
_943110
245 _aConcrete.
260 _aLondon
_bEdward Arnold Ltd.
300 _aviii. 252p. :
_bill. :
_c8 Cm
526 _a0
_b0
_c0
_d624_183400000000000_EVA
650 _aMCE
_9379
942 _2ddc
_cBK
999 _c546908
_d546908